000 00314nam a2200133Ia 4500
008 231129s1988||||xx |||||||||||||| ||spa||
040 _bspa
082 _aCo861 C657t
100 _aCobo Borda J.G.
245 0 _aTierra de fuego
260 _c1988
264 _aFundacion Simon y Lola Guberek
942 _2ddc
_cBKS
999 _c25398
_d25398